000 01288nam a22003377a 4500
003 CHAP
005 20220329135144.0
008 971013s1978 r 00010 d
010 _a31824
011 _a32796
035 _a36911
040 _cCHAP
090 _aTesis
100 0 0 _aMartínez Gamboa, Pedro Gabino.
_972053
245 _aEstudio preliminar de un método de selección de material germoplático de tomate (Lycopersicon esculentum Mill.) usando el filtrado de Fusarium oxysporum (Schl.) F. Lycopersici (Sacc.) Snyder y Hansen
260 _a(Monterrey, N.L.) :
_bEl autor,
_c1978
300 _a57 h.
_b: ilus. ; gráfs
502 _aTesis (M.C. Esp. en Parasitología) -- ITESM. Div. de Ciencias Agropecuarias y Marítimas
590 _aALEPH
_b10
_c20130110
_lUCH01
_h1254
590 _aBATCH-UPD
_b10
_c20130110
_lUCH01
_h1104
590 _aBATCH-UPD
_b10
_c20130410
_lUCH01
_h0657
590 _aBATCH-UPD
_b10
_c20130914
_lUCH01
_h1452
590 _aCONVERSION
_b10
_c20130109
_lUCH01
_h1318
650 1 4 _aFusarium lycopersici.
_944090
650 1 4 _aFusarium oxysporum.
_944093
650 1 4 _aTomate
_xGenética.
_9113726
650 1 4 _aTomate
_xVariedades resistentes a enfermedades.
_9113778
901 _aBK
942 _cTESIS
949 _bBC
_cTES
_d-84825
_eTS1
_i36911
_si
999 _c31824
_d31824